[Event "Bermuda Festival"]
[Site "Hamilton"]
[Date "2018.08.14"]
[Round "2"]
[White "Outerbridge, Conor"]
[Black "Gontcharov, Serguei"]
[Result "0-1"]
[WhiteElo "1196"]
[BlackElo "1875"]
[PlyCount "90"]
[EventDate "2018.08.07"]
[EventType "swiss"]
[EventRounds "5"]
[EventCountry "BER"]
[SourceTitle "EXT 2019"]
[Source "ChessBase"]
[SourceDate "2018.10.10"]
[SourceVersion "1"]
[SourceVersionDate "2018.10.10"]
[SourceQuality "1"]

1. e4 c5 2. c3 d5 3. exd5 Qxd5 4. d4 Nf6 5. Nf3 Bg4 6. Nbd2 Nc6 7. Bc4 Qd7 8. 0-0 cxd4 9. cxd4 e6 10. h3 Bh5 11. Nb3 Be7 12. Bf4 0-0 13. a3 Bxf3 14. Qxf3 Nxd4 15. Nxd4 Qxd4 16. b3 Nd5 17. Bxd5 Qxd5 18. Qxd5 exd5 19. Rfe1 Bf6 20. Be5 Rfe8 21. Bxf6 gxf6 22. Red1 Rad8 23. Rac1 Rd7 24. Rc3 d4 25. Rg3+ Kf8 26. Rdd3 Re5 27. Rg4 Red5 28. Re4 f5 29. Re2 h5 30. Rc2 Kg7 31. f3 h4 32. Kf2 f4 33. Re2 Kf6 34. Re4 Kg5 35. Ke1 R7d6 36. Kd2 f5 37. Re7 Rd7 38. Re8 Rd8 39. Re7 R5d7 40. Re5 Kf6 41. Rc5 Rg8 42. b4 Rxg2+ 43. Kc1 Rh2 44. a4 Rxh3 45. Rd1 Rxf3 0-1